| 000 | 00513nam a22001817a 4500 | ||
|---|---|---|---|
| 003 | OSt | ||
| 005 | 20140310182837.0 | ||
| 008 | 130606t xxu||||| |||| 00| 0 eng d | ||
| 050 |
_aPN 6231 _b.M373 1987 |
||
| 082 |
_aM 306.7 _bM35 1987 |
||
| 245 |
_aSmart Women Stupid Books : _bstop reading and learn to love losers / |
||
| 260 |
_aCalifornia : _bPrice Stern Sloan, Inc., _c1987 |
||
| 300 |
_a92 p. : _c22 cm. |
||
| 521 | _acollege students | ||
| 526 | _c1210L-1700L | ||
| 562 | _e1 | ||
| 942 |
_2lcc _cBK _kM |
||
| 999 |
_c16768 _d16768 |
||